One Tree Hill (season 1) - Statistics

General Stats
  • This quiz has been taken 327 times
  • The average score is 9 of 17
Answer Stats
Actor or Actress Answer % Correct
Sophia Bush Brooke Davis
87%
Hilarie Burton Peyton Sawyer
81%
Paul Johannson Dan Scott
80%
Bethany Joy Lenz Haley James
77%
Lee Norris Marvin "Mouth" McFadden
76%
Antwon Tanner Antwon "Skills" Taylor
75%
Craig Sheffer Keith Scott
72%
Barbara Alyn Woods Deb Scott
67%
Moira Kelly Karen Roe
63%
Bevin Prince Bevin Mirskey
59%
Barry Corbin Whitey Durham
51%
Bryan Greenberg Jake Jagielski
42%
Brett Claywell Tim Smith
16%
Emmanuelle Vaugier Nicki
14%
Thomas Ian Griffith Larry Sawyer
10%
Chad Michael Murray Lucas Scott
10%
James Lafferty Nathan Scott
10%
No matching quizzes found
Score Distribution
Percent of People with Each Score
Percentile by Number Answered
Your Score History
You have not taken this quiz